Grammaire transformationnelle du francais Syntaxe de verbe

Guardat en:
Dades bibliogràfiques
Autor principal: Maurice Grosse
Format: Llibre
Idioma:Undetermined
Publicat: Paris Larousse 1968
Matèries:
Etiquetes: Afegir etiqueta
Sense etiquetes, Sigues el primer a etiquetar aquest registre!
Thư viện lưu trữ: Trung tâm Học liệu Trường Đại học Cần Thơ
LEADER 00512nam a2200193Ia 4500
001 CTU_935
008 210402s9999 xx 000 0 und d
082 |a 445 
082 |b G878 
100 |a Maurice Grosse 
245 0 |a Grammaire transformationnelle du francais 
245 0 |b Syntaxe de verbe 
245 0 |c Maurice Grosse 
260 |a Paris 
260 |b Larousse 
260 |c 1968 
650 |a french language - verb 
904 |i Minh, 960808 
980 |a Trung tâm Học liệu Trường Đại học Cần Thơ